000 00572nam a22002052 4500
001 0000013155
005 20151217152123.0
008 090611s xx 000 0 eng d
020 _a1405133708 :
040 _aKABU
_cKABU
100 1 _aSmith, Ian.
_@0000170285
245 1 0 _aSmith's elements of soil mechanics /
_cIan Smith.
250 _a8th ed.
260 _aOxford :
_bBlackwell,
_c2006.
300 _axiv, 538 p.
650 0 _aSoil mechanics.
_@0000156169
852 1 _9p4680 KES
908 _a090611
950 _@1
999 _c8463
_d8463